Red Velvet Alphabet Song - Statistics

General Stats
  • This quiz has been taken 90 times
  • The average score is 18 of 24
Answer Stats
Hint Answer % Correct
B Bad dracula / Blue lemonade / Bulldozer / Bubble / Be natural / Body talk / Bad boy / Butterflies / Bing bing / Better be / Beg for me / Bamboleo / Birthday / Bye bye / Beautiful christmas
99%
Z Zoo / Zimzalabim / Zoom
94%
I I just / Iced coffee / Ice cream cake / In & out / In my dreams
93%
P Peek a boo / Perfect 10 / Power up / Parade / Psycho / Pose / Pushin’ n pullin’
93%
C Campfire / Cool World / Cool hot sweet love / Chill kill / Cosmic / Candy / Carpool / Celebrate
92%
R Red dress / Rose scent breeze / Rusian roulette / Red radio / Rookie / Red flavor / Rebirth / Really bad boy / Remember forever / Rainbow halo
90%
H Huff n puff / Hit that drum / Happiness / Happily ever after / Hear the sea / Hello sunset
87%
L Lady’s room / Light me up / Lucky girl / Look / Last drop / Love arcade / Little little / Last love / LP / Love is the way / Ladies night / La rouge
85%
A Attaboy / About love / Automatic / All right / Aitai tai
83%
D Dumb dumb / Don’t u wait no more / Day1
80%
Q Queendom
80%
U Underwater / Umpah umpah
79%
S Sunny afternoon / Some love / Scenery / Sunfloxer / Sweet dreams / Somethin kinda crazy / So good / Sassy me / Sayonara / Sappy / Swimming pool / Sunny side up!
76%
F First time / Fool / Feel my rhythm
75%
M My dear / My second date / Moonlight melody / Mr.E / Mosquito / Mojito / Milkshake / Milky way
75%
O Oh boy / One of these nights / One kiss / On a ride
75%
W With you / Will I ever see you again? / Wings / Wish tree / Would u
68%
T Time slip / Take it slow / Talk to me / Time to love / Taste
66%
K Kingdom come / Knock knock / Knock on wood
65%
N Nightmare / Night drive
55%
J Jumpin’
49%
Y You better know
49%
E Eyes locked hands locked
44%
G Good bad ugly
39%
No matching quizzes found
Score Distribution
Percent of People with Each Score
Percentile by Number Answered
Your Score History
You have not taken this quiz